000 00549nam a2200193Ia 4500
005 20250508151041.0
008 008 250505s9999 xx 000 0 eng d
037 _aTextual
040 _aFEDL
_beng
_cFEDL
041 _aeng
_2eng
084 _a301, COL
_qFEDL
100 _aCollingwood R. G.
245 0 _aNew levianthan or man, society, civilization and barbarism
260 _aLondon, UK
_bOxford University Press
_c1942
300 _av,387p.
650 _aSociology
942 _cTEXL
_h301, COL
999 _c1327274
_d1327274